000 00941naa a2200253 c 4500
001 42637
003 ES-MaCES
005 20150925133526.0
008 120413n2011 sp t 000 | spa d
035 _aCES20120002473v
040 _aES-MaCES
_bspa
_cES-MaCES
100 1 _aMuñoz Dueñas, María del Pilar
_919371
245 1 1 _a¿Por qué la responsabilidad social de la empresa no convence a todos?
_cMª del Pilar Muñoz Dueñas
650 4 _aEspaña
_926964
650 4 _alegislación del trabajo
_927166
650 4 _aindicador social
_927259
650 4 _aresponsabilidad social
_930590
653 1 0 _aDerecho del trabajo y Seguridad Social
650 4 _930601
_aestrategia empresarial
773 0 _tRevista de derecho social
_gn. 56 (oct,-dic. 2011){10693 R. 081041}; p. 121-147
_w(ES-MaCES)25695
_968767
902 _aART Artículo de revista
942 _2CES
_cAR
_h6.0.1.
999 _c42637
_d42637